<?xml version="1.0" encoding="UTF-8"?>
<marc:record xmlns:marc="http://www.loc.gov/MARC21/slim">
   <marc:leader>00000nam a2200000 a 4500</marc:leader>
   <marc:datafield ind1="1" ind2=" " tag="100">
      <marc:subfield code="a">Reichel, Dagmar</marc:subfield>
      <marc:subfield code="4">aut</marc:subfield>
      <marc:subfield code="e">Verfasser/-in</marc:subfield>
   </marc:datafield>
   <marc:datafield ind1="1" ind2=" " tag="100">
      <marc:subfield code="a">Wetzstein, Cora</marc:subfield>
      <marc:subfield code="4">aut</marc:subfield>
      <marc:subfield code="e">Verfasser/-in</marc:subfield>
   </marc:datafield>
   <marc:datafield ind1=" " ind2=" " tag="653">
      <marc:subfield code="a">eiweißreiche nahrung slow carb rezepte kohlenhydratarmes brot ballaststoffreiche rezepte slowcarb</marc:subfield>
   </marc:datafield>
   <marc:datafield ind1=" " ind2=" " tag="653">
      <marc:subfield code="a">ernährungsplan kohlenhydratarme ernährung kohlenhydratarme rezepte abnehmplan leichte küche slow carb</marc:subfield>
   </marc:datafield>
   <marc:datafield ind1=" " ind2=" " tag="653">
      <marc:subfield code="a">fettverbrennung ankurbeln schlank fettabbau gewichtsabnahme fettverbrennung anregen gesunder ernährungsplan</marc:subfield>
   </marc:datafield>
   <marc:datafield ind1=" " ind2=" " tag="653">
      <marc:subfield code="a">fettverbrennung steigern schlank werden kohlenhydratarme diät</marc:subfield>
   </marc:datafield>
   <marc:datafield ind1=" " ind2=" " tag="653">
      <marc:subfield code="a">gewichtsreduzierung low carb nahrungsmittel kohlenhydratarme ernährung rezepte</marc:subfield>
   </marc:datafield>
   <marc:datafield ind1=" " ind2=" " tag="653">
      <marc:subfield code="a">low carb stoffwechseldiät stoffwechsel anregen fatburner abnehmtipps glykämischer index rezeptideen</marc:subfield>
   </marc:datafield>
   <marc:datafield ind1=" " ind2=" " tag="653">
      <marc:subfield code="a">Softcover / Ratgeber/Essen</marc:subfield>
   </marc:datafield>
   <marc:datafield ind1=" " ind2=" " tag="653">
      <marc:subfield code="a">Trinken/Gesunde Küche</marc:subfield>
   </marc:datafield>
   <marc:datafield ind1=" " ind2=" " tag="653">
      <marc:subfield code="a">Schlanke Küche</marc:subfield>
   </marc:datafield>
   <marc:datafield ind1=" " ind2=" " tag="653">
      <marc:subfield code="a">gu slow carb diät slow carb kochbuch slow carb rezepte slow carb revolution slow carb buch slow carb vegan</marc:subfield>
   </marc:datafield>
   <marc:datafield ind1=" " ind2=" " tag="653">
      <marc:subfield code="a">low carb stoffwechseldiät stoffwechsel anregen fatburner abnehmtipps glykämischer index fettverbrennung</marc:subfield>
   </marc:datafield>
   <marc:datafield ind1=" " ind2=" " tag="653">
      <marc:subfield code="a">low carb ernährungsplan ernährungsumstellung slow carb ernährungsplan zum abnehmen kohlenhydratarme ernährung</marc:subfield>
   </marc:datafield>
   <marc:datafield ind1=" " ind2=" " tag="653">
      <marc:subfield code="a">kohlenhydratarme rezepte slow carb fettabbau gewichtsabnahme fettverbrennung anregen gewichtsreduktion</marc:subfield>
   </marc:datafield>
   <marc:datafield ind1=" " ind2=" " tag="653">
      <marc:subfield code="a">eiweißreiche nahrung slow carb rezepte slowcarb kohlenhydratarmes brot fettverbrennung steigern</marc:subfield>
   </marc:datafield>
   <marc:datafield ind1=" " ind2=" " tag="653">
      <marc:subfield code="a">Kochbuch</marc:subfield>
   </marc:datafield>
   <marc:datafield ind1="0" ind2="0" tag="245">
      <marc:subfield code="a">Slow Carbs</marc:subfield>
   </marc:datafield>
   <marc:datafield ind1="0" ind2="0" tag="245">
      <marc:subfield code="b">Kochen mit Kohlenhydraten, die satt, schlank und glücklich machen</marc:subfield>
   </marc:datafield>
   <marc:datafield ind1="0" ind2="0" tag="245">
      <marc:subfield code="c">Dagmar Reichel, Cora Wetzstein ; Fotos: Barbara Bonisolli</marc:subfield>
   </marc:datafield>
   <marc:datafield ind1=" " ind2="1" tag="264">
      <marc:subfield code="a">München</marc:subfield>
      <marc:subfield code="b">Gräfe und Unzer Verlag GmbH</marc:subfield>
      <marc:subfield code="c">2016</marc:subfield>
   </marc:datafield>
   <marc:datafield ind1=" " ind2=" " tag="250">
      <marc:subfield code="a">1. Auflage</marc:subfield>
   </marc:datafield>
   <marc:datafield ind1="1" ind2=" " tag="520">
      <marc:subfield code="a">Angaben aus der Verlagsmeldung

Slow Carbs : Kochen mit Kohlehydraten, die satt, schlank und glücklich machen / von Dagmar Reichel, Cora Wetzstein

Slow Carb ist der Low Carb-Trend für Schlaue: alltagstaugliches, nachhaltiges Abnehmen mit Spaß. Denn No-Gos und Low-Gos - wer hält die schon lange durch? Goodbye Pasta, auf Nimmerwiedersehen Risotto und Brötchen? So streng müssen wir mit Slow Carb von GU nicht mehr mit uns sein! Jetzt stehen gute Kohlenhydrate auf dem Speiseplan, verführerische, ballaststoffreiche Gerichte für jeden Tag. Sie treiben den Blutzucker nicht in die Höhe, machen nachhaltig satt - und schon deshalb gute Laune, weil wir damit dauerhaft schlank werden. Die 120 Rezepte sind nach Lust und Laune kombinierbar. Sie decken von morgens bis abends alles ab: Frühstück, Salate und Snacks, warme Gerichte und Desserts. Müsli-Quark-Hörnchen, Zucchini-Spaghetti mit Zitronensahne oder Kidneybohnen-Burger sind die Erlösung für alle, die zwanglos abnehmen möchten. Und wer das Pfundepurzeln ein bisschen beschleunigen will, findet für jedes Rezept eine Low- oder No Carb-Variante - so bleiben Laune und Waage in Balance!
</marc:subfield>
   </marc:datafield>
   <marc:datafield ind1=" " ind2=" " tag="020">
      <marc:subfield code="a">9783833851698</marc:subfield>
      <marc:subfield code="9">9783833851698</marc:subfield>
   </marc:datafield>
   <marc:datafield ind1=" " ind2=" " tag="020">
      <marc:subfield code="a">3833851694</marc:subfield>
      <marc:subfield code="9">3833851694</marc:subfield>
   </marc:datafield>
   <marc:datafield ind1=" " ind2=" " tag="041">
      <marc:subfield code="a">ger</marc:subfield>
   </marc:datafield>
   <marc:datafield ind1=" " ind2=" " tag="300">
      <marc:subfield code="a">160 Seiten</marc:subfield>
   </marc:datafield>
</marc:record>
